000 00956nam a22002657i 4500
003 EG-ScBUE
005 20260315094942.0
008 100321t2010 maua f b 001 0 eng d
020 _a9781856178259 (pbk.)
040 _aEG-ScBUE
_beng
_erda
_cEG-ScBUE
_dEG-ScBUE
082 0 4 _a553.282
_bAHM
_222
100 1 _aAhmed, Tarek H.,
_d1946-
_912925
_eauthor.
245 1 0 _aWorking guide to reservoir rock properties and fuid flow /
_cTarek Ahmed.
264 1 _aBurlington, MA :
_bGulf Professional Publishing,
_c[2010]
264 4 _cc2010
300 _avii, 253 pages :
_billustrations ;
_c23 cm
336 _2rdacontent
_atext
_btxt
337 _aunmediated
_2rdamedia
_bn
338 _avolume
_bnc
_2rdacarrier
504 _aIncludes bibliographical references and index.
650 7 _aPetroleum reserves
_xFluid dynamics.
_912926
_2BUEsh
650 7 _912927
_aPetroleum reserves
_xMechanical properties.
_2BUEsh
655 _vReading book
942 _2ddc
_cBB
999 _c13740
_d13740